000 00653nam a2200229 a 4500
008
020 _a0201076160 (hbk.)
049 _aMAIN
090 _aQA297
100 1 _aTukey, John Wilder
245 1 0 _aExploratory data analysis /
_cJohn W. Tukey.
260 _aReading, Mass. :
_bAddison-Wesley,
_c1977.
300 _axvi, 688 p. :
_bill. ;
_c25 cm.
440 _aAddison-Wesley series in behavioral science.
500 _aIncludes index.
650 0 _aStatistics.
907 _a.b10047104
_b09-12-05
_c17-04-03
003
005 20230123133450.0
040 _cNUST
942 _cBOOKS
_kQA297
999 _c149057
_d149057